Introducción a la economía contemporánea /
Guardado en:
| Autor Principal: | |
|---|---|
| Formato: | Libro |
| Publicado: |
México :
Fondo de Cultura económica, 0
|
| Edición: | 2a. ed. |
| Materias: | |
| Etiquetas: |
Agregar Etiqueta
Sin Etiquetas, Sea el primero en etiquetar este registro!
|
| LEADER | 00832nam a22002295a 4500 | ||
|---|---|---|---|
| 001 | CEM.cems006044 | ||
| 005 | 20060214000000.0 | ||
| 008 | 130507b######################000#0#####d | ||
| 003 | CEMS | ||
| 082 | 0 | 4 | |a 330 |
| 100 | 1 | |a Soule, George | |
| 245 | 1 | 0 | |a Introducción a la economía contemporánea / |
| 250 | |a 2a. ed. | ||
| 260 | |a México : |b Fondo de Cultura económica, 0 | ||
| 300 | |a 154 p. | ||
| 505 | 0 | |a Convergencia de los sistemas economicos del Este y del Oeste; Optimización: que objetivos debe perseguir?; Relación entre la planificación naciónal y la planificación del campo yla ciudad | |
| 653 | |a Dinero | ||
| 653 | |a Economia | ||
| 653 | |a Ingreso nacional | ||
| 653 | |a Produccion | ||
| 859 | |a CEMS |b BIB. CEMS - 11 de abril |h 330 |i So83 |p 2912.74 |t Ej.2 | ||
| 859 | |a CEMS |b BIB. CEMS - 11 de abril |h 330 |i So83 |p 668.73 |t Ej.1 | ||
